Diet in Brain Health and Neurological Disorders: Risk Factors and Treatments (Record no. 23673)
[ view plain ]
| 000 -LEADER | |
|---|---|
| fixed length control field | 00809nam a2200121Ia 4500 |
| 008 - FIXED-LENGTH DATA ELEMENTS--GENERAL INFORMATION | |
| fixed length control field | 220620s9999||||xx |||||||||||||| ||und|| |
| 100 ## - MAIN ENTRY--PERSONAL NAME | |
| Personal name | Brandt, Jason |
| 245 #0 - TITLE STATEMENT | |
| Title | Diet in Brain Health and Neurological Disorders: Risk Factors and Treatments |
| 546 ## - LANGUAGE NOTE | |
| Language note | English[eng] |
| 650 ## - SUBJECT ADDED ENTRY--TOPICAL TERM | |
| Topical term or geographic name entry element | epilepsy||glioblastoma multiforme||ADHD||n/a||prefrontal cortex||regainers||functional neuroimaging||malignant glioma||nutrients||caffeine||children||inflammation||working memory||cytokines||modified Atkins diet||fish intake||insulin resistance||transpulmonary administration||obesity||maintainers||electroencephalography||Alzheimer’s disease||omega-3 fatty acids||diet-deficient||weight loss maintenance||neural processing||hippocampal neurogenesis |
| 856 ## - ELECTRONIC LOCATION AND ACCESS | |
| Uniform Resource Identifier | <a href="https://mdpi.com/books/pdfview/book/1770">https://mdpi.com/books/pdfview/book/1770</a> |
| 942 ## - ADDED ENTRY ELEMENTS (KOHA) | |
| Koha item type | E-Books |
| Withdrawn status | Lost status | Damaged status | Not for loan | Home library | Current library | Date acquired | Total Checkouts | Date last seen | Price effective from | Koha item type |
|---|---|---|---|---|---|---|---|---|---|---|
| Kerala University of Digital Sciences, Innovation and Technology Knowledge Centre | Kerala University of Digital Sciences, Innovation and Technology Knowledge Centre | 20/06/2022 | 20/06/2022 | 20/06/2022 | E-Books |